000 00331nam a2200169Ia 4500
100 _aKarvinen/Kimmo
650 _asensors
942 _cBK
366 _f20
654 _asensors
245 _aMake:Getting started with sensors
260 _bSPD
_c2014
082 _bKAR
300 _a125
546 _aENGLISH
999 _c20582
_d20582